E17- 3 mots 1 Nom - Statistiques

Statistiques générales
  • Ce quiz a été pris 10 fois
  • Le résultat moyen est 18 sur 23
Statistiques - réponses
Indice Personne % Correct
Un caillou/ ton frère / ou moi Pierre
100%
Stress/ Feuille/ "olala quelle organisation" Emma
89%
Jeremie/ Fruitz/ Bavarde Johana
89%
Bière/ Bite/ Beauf Lazare
89%
Piétons/ Prénom changeant/ Cote d'ivoire Sarah
89%
Latine/ Quentin/ Saint Gobin Ariana
78%
Cuisine/ Plante/ Hôtellerie Carole
78%
Naval/ Timide/ Rire Cécile
78%
Vacances/ Ecouteur/ "Moi j'ai une question" Emeric
78%
Studieuse/ Partenaire/ Petite Emilie
78%
Chili/ Londres/ se lever tôt Gabriella
78%
Disney/ Droit social/ Elsa des E16 Ines
78%
Bière/ Sud/ Vive Laura
78%
Manga/ Droit Social/ Gentille Léa
78%
Chocolatine/ Thalès/ Quentin Lola
78%
Scrabble/ Bière / Tennis Marie
78%
Mexico/ Informatique/ 77 Vanessa
78%
Algérie/ Acer/ Douce Yasmine
78%
Manger/ Camille
67%
Djokovic/ application/ Belgrade Lidia
67%
Créteil/ "perle" en grec / Tasse Meg
67%
77/ Droit social/ Petite Célia
56%
Rire/ Tennis/ Madagascar Norhant
56%
Aucun quiz correspondant
Distribution des résultats
% des personnes avec chaque résultat
Percentile par nombre de réponses
Votre historique - résultats
Vous n’avez pas pris ce quiz